000
00366nam a22001577a 4500
003
MPLRDC
005
20220104142528.0
008
210129b ||||| |||| 00| 0 eng d
082
_a
857.63 MJ v.10
100
_a
孟君
245
_a
小梦
_c
260
_a
_b
海滨图书公司
_c
300
_b
平
650
_a
短篇小说--别集
942
_c
BK
_o
857.63 MJ v.10
999
_c
31615
_d
31605